[Event "Tenerife-chT Primera 1617"]
[Site "Tenerife"]
[Date "2017.04.22"]
[Round "12.1"]
[White "Ramos Aguilar, Jose Manuel"]
[Black "Exposito Hernandez, Samuel"]
[Result "1-0"]
[WhiteElo "2090"]
[BlackElo "1589"]
[PlyCount "67"]
[EventDate "2016.12.10"]
[EventType "team-tourn"]
[EventRounds "14"]
[EventCountry "ESP"]
[SourceTitle "EXT 2018"]
[Source "ChessBase"]
[SourceDate "2017.10.13"]
[SourceVersion "1"]
[SourceVersionDate "2017.10.13"]
[SourceQuality "1"]
[WhiteTeam "Casa de Venezuela Ebano II"]
[BlackTeam "Laguna Cotelec II"]
[WhiteTeamCountry "ESP"]
[BlackTeamCountry "ESP"]

1. Nf3 Nf6 2. c4 b6 3. d4 Bb7 4. Nc3 d5 5. cxd5 Nxd5 6. e3 e6 7. Bb5+ c6 8. Bd3 Nd7 9. 0-0 Nxc3 10. bxc3 Qf6 11. e4 e5 12. a4 Bd6 13. a5 0-0 14. Bg5 Qg6 15. Qd2 h6 16. Bh4 b5 17. Bg3 Rfe8 18. a6 Bc8 19. Kh1 Qf6 20. Rfc1 Rb8 21. dxe5 Nxe5 22. Nxe5 Bxe5 23. f4 Bc7 24. e5 Qe7 25. Re1 Rb6 26. f5 Rd8 27. f6 Qf8 28. fxg7 Qxg7 29. Bh4 Rd7 30. Bf6 Qg6 31. Re3 Qh5 32. Rg3+ Kf8 33. Bh7 Qg6 34. Qxh6+ 1-0

[Event "Tenerife-chT Primera 1617"]
[Site "Tenerife"]
[Date "2017.03.18"]
[Round "9.2"]
[White "Colichon Rebryck, Carlos Alexei"]
[Black "Exposito Hernandez, Samuel"]
[Result "1-0"]
[WhiteElo "1661"]
[BlackElo "1589"]
[PlyCount "68"]
[EventDate "2016.12.10"]
[EventType "team-tourn"]
[EventRounds "14"]
[EventCountry "ESP"]
[SourceTitle "EXT 2018"]
[Source "ChessBase"]
[SourceDate "2017.10.13"]
[SourceVersion "1"]
[SourceVersionDate "2017.10.13"]
[SourceQuality "1"]
[WhiteTeam "Puerto de la Cruz Piratas"]
[BlackTeam "Laguna Cotelec II"]
[WhiteTeamCountry "ESP"]
[BlackTeamCountry "ESP"]

1. e4 e6 2. d4 d5 3. Nd2 Nf6 4. e5 Nfd7 5. Bd3 c5 6. c3 Nc6 7. Ne2 cxd4 8. cxd4 Be7 9. 0-0 0-0 10. f4 f5 11. Nf3 Qe8 12. Kh1 Kh8 13. Rg1 Qf7 14. g4 g6 15. gxf5 gxf5 16. Ng5 Qh5 17. Qf1 Qh6 18. Rg3 Bxg5 19. fxg5 Qg7 20. Be3 Rf7 21. Nf4 Nf8 22. g6 Nxg6 23. Nh5 Qf8 24. Nf6 Rxf6 25. exf6 Qxf6 26. Qh3 Bd7 27. Rag1 Be8 28. Bg5 Qxd4 29. Bd2 Qg7 30. Rg5 Bf7 31. Rh5 Nce5 32. Bc3 Kg8 33. Qe3 Ng4 34. Rxg4 e5 1-0

[Event "Tenerife-chT Primera 1617"]
[Site "Tenerife"]
[Date "2017.01.28"]
[Round "5.1"]
[White "Exposito Hernandez, Samuel"]
[Black "Ramos Aguilar, Jose Manuel"]
[Result "0-1"]
[WhiteElo "1589"]
[BlackElo "2090"]
[PlyCount "54"]
[EventDate "2016.12.10"]
[EventType "team-tourn"]
[EventRounds "14"]
[EventCountry "ESP"]
[SourceTitle "CBM 176 Extra"]
[Source "ChessBase"]
[SourceDate "2017.03.02"]
[SourceVersion "1"]
[SourceVersionDate "2017.03.02"]
[SourceQuality "1"]
[WhiteTeam "Laguna Cotelec II"]
[BlackTeam "Casa de Venezuela Ebano II"]
[WhiteTeamCountry "ESP"]
[BlackTeamCountry "ESP"]

1. Nf3 g6 2. d4 Nf6 3. Bg5 Bg7 4. c3 0-0 5. Nbd2 d6 6. e4 Nbd7 7. Bc4 e5 8. 0-0 h6 9. dxe5 hxg5 10. exf6 Qxf6 11. Re1 g4 12. Nd4 Ne5 13. Bf1 a6 14. Nc4 Bd7 15. a4 Rae8 16. Ne3 Bh6 17. Nd5 Qd8 18. Qb3 Bc8 19. a5 Kg7 20. c4 Rh8 21. f4 gxf3 22. Nxf3 c6 23. Nb4 Bf4 24. g3 Nxf3+ 25. Qxf3 Bd2 26. Nd3 Bxe1 27. Rxe1 Qxa5 0-1

[Event "Santa Cruz de Tenerife-ch U18"]
[Site "Santa Cruz de Tenerife"]
[Date "2016.01.20"]
[Round "3.2"]
[White "Perez Perez, Gabriel"]
[Black "Exposito Hernandez, Samuel"]
[Result "1-0"]
[WhiteElo "1822"]
[BlackElo "1566"]
[PlyCount "49"]
[EventDate "2016.01.15"]
[EventType "swiss"]
[EventRounds "7"]
[EventCountry "ESP"]
[SourceTitle "EXT 2024"]
[Source "ChessBase"]
[SourceDate "2023.10.10"]
[SourceVersion "1"]
[SourceVersionDate "2023.10.10"]
[SourceQuality "1"]

1. e4 e6 2. d4 d5 3. Nd2 dxe4 4. Nxe4 Nf6 5. Nxf6+ Qxf6 6. Nf3 h6 7. h4 Bd6 8. Bg5 Qf5 9. Be3 Bf4 10. Bd3 Qa5+ 11. c3 Bxe3 12. fxe3 Bd7 13. Qe2 Nc6 14. Bb5 a6 15. Bxc6 Bxc6 16. Ne5 Qd5 17. 0-0 Rf8 18. c4 Qe4 19. Rf4 Qh7 20. Nxc6 bxc6 21. Qf3 Kd7 22. Rxf7+ Rxf7 23. Qxf7+ Kc8 24. Qxe6+ Kb7 25. d5 1-0

[Event "Santa Cruz de Tenerife-ch U18"]
[Site "Santa Cruz de Tenerife"]
[Date "2016.01.18"]
[Round "2.3"]
[White "Exposito Hernandez, Samuel"]
[Black "Mendez Acosta, Alexander Jesus"]
[Result "1-0"]
[WhiteElo "1566"]
[BlackElo "1811"]
[PlyCount "97"]
[EventDate "2016.01.15"]
[EventType "swiss"]
[EventRounds "7"]
[EventCountry "ESP"]
[SourceTitle "EXT 2024"]
[Source "ChessBase"]
[SourceDate "2023.10.10"]
[SourceVersion "1"]
[SourceVersionDate "2023.10.10"]
[SourceQuality "1"]

1. d4 Nf6 2. c4 g6 3. Nc3 Bg7 4. Nf3 0-0 5. e4 d6 6. Be2 Nc6 7. Be3 e5 8. d5 Ne7 9. 0-0 Nd7 10. Ne1 f5 11. f3 f4 12. Bf2 g5 13. Nd3 b6 14. b4 Ng6 15. c5 Nf6 16. cxd6 cxd6 17. Rc1 a6 18. b5 Nd7 19. Qb3 a5 20. Na4 Bb7 21. Rc6 Nc5 22. Ndxc5 bxc5 23. Rd1 Kh8 24. Bc4 Ne7 25. Nxc5 dxc5 26. Bxc5 a4 27. Qc2 Rc8 28. Rxc8 Bxc8 29. d6 Ng6 30. Qxa4 Bd7 31. Qa7 Qc8 32. Qc7 Bf6 33. b6 Ba4 34. Rd3 Rd8 35. b7 Qb8 36. Ba6 Nf8 37. Qxb8 Rxb8 38. Ba7 Nd7 39. Bxb8 Nxb8 40. Rc3 Nxa6 41. Ra3 Bc6 42. Rxa6 Bxb7 43. Ra7 Bc6 44. Rf7 Bg7 45. d7 Bxd7 46. Rxd7 Bf8 47. a4 Bb4 48. Rd5 Kg8 49. a5 1-0

[Event "Tenerife Verano op"]
[Site "Tenerife"]
[Date "2015.08.24"]
[Round "7"]
[White "Calvo Nobrega, Joaquin Manuel"]
[Black "Exposito Hernandez, Samuel"]
[Result "0-1"]
[WhiteElo "1729"]
[BlackElo "1523"]
[PlyCount "60"]
[EventDate "2015.08.10"]
[EventType "swiss"]
[EventRounds "9"]
[EventCountry "ESP"]
[SourceTitle "EXT 2016"]
[Source "ChessBase"]
[SourceDate "2015.10.08"]
[SourceVersion "1"]
[SourceVersionDate "2015.10.08"]
[SourceQuality "1"]

1. e4 e5 2. Nf3 Nc6 3. Bc4 Bc5 4. b4 Bxb4 5. c3 Bc5 6. d4 exd4 7. 0-0 dxc3 8. Bxf7+ Kxf7 9. Qd5+ Ke8 10. Qxc5 Qe7 11. Qxc3 Nf6 12. Ba3 Qe6 13. Nbd2 h6 14. Qd3 Kf7 15. Nh4 Ne5 16. Qe2 Qg4 17. Qb5 d6 18. f4 a6 19. Qb3+ Be6 20. Qxb7 Qxh4 21. fxe5 dxe5 22. Qxc7+ Kg6 23. Qxe5 Rhe8 24. Qd4 Rad8 25. Qe3 Ng4 26. Qf4 Qxh2+ 27. Qxh2 Nxh2 28. Kxh2 Rxd2 29. Kg3 Bc4 30. Rfe1 Rd3+ 0-1

[Event "Tenerife Verano op"]
[Site "Tenerife"]
[Date "2015.08.10"]
[Round "1"]
[White "Molina Rodriguez, Borja"]
[Black "Exposito Hernandez, Samuel"]
[Result "1-0"]
[WhiteElo "2182"]
[BlackElo "1523"]
[PlyCount "41"]
[EventDate "2015.08.10"]
[EventType "swiss"]
[EventRounds "9"]
[EventCountry "ESP"]
[SourceTitle "EXT 2016"]
[Source "ChessBase"]
[SourceDate "2015.10.08"]
[SourceVersion "1"]
[SourceVersionDate "2015.10.08"]
[SourceQuality "1"]

1. e4 e6 2. d4 d5 3. Nc3 dxe4 4. Nxe4 Nf6 5. Nxf6+ Qxf6 6. Nf3 Qd8 7. Be3 Be7 8. Bd3 Nd7 9. Qe2 0-0 10. 0-0-0 Qe8 11. h4 f5 12. Bd2 Nb6 13. g4 Bd6 14. Rde1 Nd5 15. gxf5 Nf4 16. Bxf4 Bxf4+ 17. Kb1 Bd6 18. Ng5 h6 19. Nxe6 Bxe6 20. fxe6 Rf6 21. Qe4 1-0

[Event "Tenerife-chT Segunda"]
[Site "Tenerife"]
[Date "2015.05.16"]
[Round "12.1"]
[White "Febles Dominguez, Alfonso Jesus"]
[Black "Exposito Hernandez, Samuel"]
[Result "0-1"]
[WhiteElo "1379"]
[BlackElo "1651"]
[PlyCount "80"]
[EventDate "2015.01.24"]
[EventType "swiss"]
[EventRounds "13"]
[EventCountry "ESP"]
[SourceTitle "EXT 2024"]
[Source "ChessBase"]
[SourceDate "2023.10.10"]
[SourceVersion "1"]
[SourceVersionDate "2023.10.10"]
[SourceQuality "1"]
[WhiteTeam "Circulo de Amistad XII Enero II"]
[BlackTeam "La Gomera II"]
[WhiteTeamCountry "ESP"]
[BlackTeamCountry "ESP"]

1. e4 e6 2. d4 d5 3. e5 c5 4. c3 Nc6 5. Nf3 Qb6 6. Be2 cxd4 7. Nxd4 Nxe5 8. 0-0 Bc5 9. Re1 Bxd4 10. cxd4 Nc6 11. Nc3 Qxd4 12. Qb3 Nge7 13. Nb5 Qe5 14. Bd2 Nd4 15. Nxd4 Qxd4 16. Bc3 Qb6 17. Bb5+ Nc6 18. Bxg7 Rg8 19. Bf6 Rg6 20. Bh4 a6 21. Bxc6+ Qxc6 22. Rac1 Qd7 23. Qc3 Rg8 24. Qa5 Qd6 25. Rc7 b6 26. Re7+ Qxe7 27. Bxe7 bxa5 28. Bf6 Bd7 29. f4 Rc8 30. f5 Rc2 31. g3 h5 32. Re3 Rg4 33. h3 Rgc4 34. h4 Rc1+ 35. Kf2 R4c2+ 36. Re2 Rxe2+ 37. Kxe2 exf5 38. Kd2 Rf1 39. a3 f4 40. Ke2 Bb5+ 0-1

[Event "Tenerife-chT Segunda"]
[Site "Tenerife"]
[Date "2015.03.28"]
[Round "8.1"]
[White "Fernandez, Kosara"]
[Black "Exposito Hernandez, Samuel"]
[Result "1-0"]
[WhiteElo "1848"]
[BlackElo "1651"]
[PlyCount "109"]
[EventDate "2015.01.24"]
[EventType "swiss"]
[EventRounds "13"]
[EventCountry "ESP"]
[SourceTitle "EXT 2024"]
[Source "ChessBase"]
[SourceDate "2023.10.10"]
[SourceVersion "1"]
[SourceVersionDate "2023.10.10"]
[SourceQuality "1"]
[WhiteTeam "Benito"]
[BlackTeam "La Gomera II"]
[WhiteTeamCountry "ESP"]
[BlackTeamCountry "ESP"]

1. e4 e5 2. Nf3 Nc6 3. Bc4 Bc5 4. c3 Nf6 5. d3 a6 6. Bg5 d6 7. Bb3 Bg4 8. Nbd2 0-0 9. 0-0 h6 10. Be3 Bxe3 11. fxe3 d5 12. exd5 Nxd5 13. Qe1 Nf6 14. d4 exd4 15. exd4 Bh5 16. Nc4 Qe8 17. Nce5 Bxf3 18. Rxf3 Nxe5 19. dxe5 Nd7 20. e6 fxe6 21. Qxe6+ Kh8 22. Rxf8+ Qxf8 23. Qxd7 Qc5+ 24. Qd4 Qe7 25. Rf1 Rd8 26. Qf4 Qc5+ 27. Qf2 Qg5 28. Bc2 Qe7 29. Qf5 g5 30. Qf6+ Qxf6 31. Rxf6 Rd2 32. Rf2 Rd6 33. Kf1 Kg7 34. Bb3 Rd7 35. Ke2 c5 36. Rf5 Rc7 37. Ke3 Kg6 38. Bc2 Kg7 39. Ke4 Re7+ 40. Re5 Rf7 41. Ke3 c4 42. Re6 Rf1 43. Rg6+ Kf7 44. Rxh6 Ra1 45. Rh7+ Ke6 46. Rxb7 Rxa2 47. Kd4 Ra1 48. Kxc4 Rg1 49. Be4 Rh1 50. h3 Ke5 51. Bf3 Rf1 52. Kd3 Ra1 53. c4 a5 54. c5 a4 55. c6 1-0

[Event "Santa Cruz de Tenerife Primavera op"]
[Site "Santa Cruz de Tenerife"]
[Date "2015.03.18"]
[Round "4"]
[White "Castaner Harster, Xavier"]
[Black "Exposito Hernandez, Samuel"]
[Result "1-0"]
[WhiteElo "2138"]
[BlackElo "1651"]
[PlyCount "31"]
[EventDate "2015.03.10"]
[EventType "swiss"]
[EventRounds "9"]
[EventCountry "ESP"]
[SourceTitle "CBM 165 Extra"]
[Source "ChessBase"]
[SourceDate "2015.04.21"]
[SourceVersion "1"]
[SourceVersionDate "2015.04.21"]
[SourceQuality "1"]

1. e4 e5 2. Nf3 Nc6 3. Bb5 a6 4. Ba4 Nf6 5. 0-0 Nxe4 6. d4 d5 7. Nxe5 Bd7 8. Nxd7 Qxd7 9. Re1 Be7 10. c4 0-0-0 11. Nc3 Nxc3 12. bxc3 dxc4 13. Bxc6 bxc6 14. Qa4 Kb8 15. Qxc4 Bd6 16. Be3 1-0

[Event "Tenerife-ch U17"]
[Site "Santa Cruz"]
[Date "2015.03.04"]
[Round "3.4"]
[White "Rodriguez Sabater, Lucia Iris"]
[Black "Exposito Hernandez, Samuel"]
[Result "1-0"]
[WhiteElo "1485"]
[BlackElo "1651"]
[PlyCount "69"]
[EventDate "2015.02.27"]
[EventType "swiss"]
[EventRounds "7"]
[EventCountry "ESP"]
[SourceTitle "EXT 2024"]
[Source "ChessBase"]
[SourceDate "2023.10.10"]
[SourceVersion "1"]
[SourceVersionDate "2023.10.10"]
[SourceQuality "1"]

1. e4 c5 2. Nf3 d6 3. Nc3 Nf6 4. Bc4 Nc6 5. 0-0 g6 6. Re1 Bg7 7. d4 cxd4 8. Nxd4 0-0 9. Nxc6 bxc6 10. Bb3 a5 11. a3 Nd7 12. Bg5 Nb6 13. a4 Ba6 14. Rb1 Rb8 15. Qf3 Bc4 16. Bxc4 Nxc4 17. b3 Ne5 18. Qe3 Qc7 19. Rbd1 e6 20. f4 f6 21. fxe5 fxg5 22. exd6 Qd7 23. Qg3 Qa7+ 24. Kh1 Qc5 25. Re3 Bd4 26. Red3 e5 27. Ne2 Bf2 28. Qxg5 Qxc2 29. Nc1 Bd4 30. Qg4 Rf2 31. d7 Kf7 32. Qh4 Rxg2 33. Rf3+ Ke6 34. Rf6+ Ke7 35. Rxc6+ 1-0